Statystyki dla Największe Państwa Świata

Kliknij tutaj aby rozwiązać quiz!

Ogólne statystyki

  • Ten quiz został rozwiązany 454 razy
  • Średni wynik to 11 z 15

Statystyki odpowiedzi

Odpowiedź% Poprawnych
1.Rosja
100%
3.Chiny
97%
2.Kanada
97%
4.USA
95%
5.Brazylia
92%
8.Argentyna
84%
6.Australia
83%
7.Indie
80%
9.Kazachstan
75%
13.Meksyk
74%
12.Arabia Saudyjska
55%
14.Indonezja
49%
11.Demokratyczna Republika Konga
48%
15.Sudan
37%
10.Algiria
6%

Rozkład punktacji

Percentyl według liczby udzielonych odpowiedzi

Procent ludzi z każdym wynikiem

Twoja historia wyników

Nie rozwiązałeś tego quizu